000 00569nam a2200241 a 4500
001 nice12345678
003 IN_TiNIC
005 20260116015139.0
008 050524s1966 newa grp 000 0 eng
020 _a
_c100
082 0 0 _a823
_bBLE
100 _aBleiler, E F
245 _aCastle of Otranto
260 _aNew York
_bDovor Publications
_c1966
300 _a291p
500 _aincludes index and biblioraphy
505 2 _aAnnoyated Index
650 _aEnglish-Fiction
700 1 _aBleiler, E F
902 _bSRS
942 _cBK
999 _c18495
_d18495